000 00489nam a2200193Ia 4500
003 GCL
008 140319s9999 xx 000 0 eng d
040 _aGCL /
_cGCL
082 0 4 _aCH
_b938
_bC V
100 1 _aCLAUDE, MOSSE
245 1 0 _aVOYAGE DANS LA GRECE DES TEMPS ANCIENCS /
_cCLAUDE, MOSSE
700 1 _aBRUNO, LE SOURD
260 _a[S.N] :
_bHACHETTE ،
_c1989
300 _a68 P
650 0 4 _aCHILDREN
650 0 4 _aHISTORY
650 0 4 _aGREECE - HISTORY
942 _2ddc
_cBK
999 _c15095
_d15095